| 000 | 01119nac a22004090a 4500 | ||
|---|---|---|---|
| 001 | PT51751 | ||
| 003 | AR-LpoUNG | ||
| 005 | 20210201005510.0 | ||
| 008 | 201001s1976||||sp |||||||||||||||||spa d | ||
| 020 |
_a8471131986 _c$4 |
||
| 040 |
_aAR-LpoUNG _bspa _eaacr |
||
| 041 | _aspa | ||
| 044 | _asp | ||
| 082 | 0 | _aR920.02 844v5 | |
| 100 | 1 | _aWolf, Otto | |
| 245 | 1 | 0 | _aGandhi |
| 250 | _a1§ ed. | ||
| 260 |
_aBilbao : _bMoretón, _c1976. |
||
| 300 |
_a472 p. : _bfot. _a(10 _fVolúmenes) _3Impreso |
||
| 490 | 0 | _aGrandes Biografías | |
| 505 | 0 | _aContenido: Gandhi / Otto Wolf - Verdi / Federico Revilla - Catalina de Rusia / María Luisa Celaa | |
| 650 | 4 | _aANALISIS HISTORICO | |
| 650 | 4 | _aBIOGRAFIAS | |
| 650 | 4 | _aINDIA | |
| 650 | 4 | _aITALIA | |
| 650 | 4 | _aMATERIAL DE REFERENCIA | |
| 650 | 4 | _aMUSICA | |
| 651 | 4 | _aDOCUMENTOS TEORICOS O METODOLOGICOS | |
| 653 | _aGANDHI, MOHANDAS KARAMCHAND | ||
| 653 | _aMONARQUIA | ||
| 653 | _aVERDI, GIUSEPPE | ||
| 700 | 1 | _aCelaa, María Luisa | |
| 700 | 1 |
_aPozo, Carlos del _etr. |
|
| 700 | 1 | _aRevilla, Federico | |
| 905 | _a51751 | ||
| 942 | _cLSALA | ||
| 999 |
_c49887 _d49887 |
||